[Event "Ceske sachove vanoce 2004"]
[Site "Litomysl"]
[Date "2004.12.30"]
[Round "6.14"]
[White "Batyte, Daiva"]
[Black "Holemar, David"]
[Result "0-1"]
[WhiteElo "2130"]
[BlackElo "2326"]
[PlyCount "102"]
[EventDate "2004.12.26"]

1. e4 c5 2. c3 d6 3. Nf3 Nf6 4. Bd3 Nc6 5. h3 e5 6. Bc2 d5 7. exd5 Qxd5 8. d4
cxd4 9. O-O dxc3 10. Nxc3 Qxd1 11. Rxd1 Be7 12. Re1 O-O 13. Nxe5 Nxe5 14. Rxe5
Be6 15. Bf4 Rfd8 16. Re2 Kf8 17. Rd1 Rxd1+ 18. Bxd1 Rc8 19. Rd2 Bc4 20. Bd6
Bxd6 21. Rxd6 Ke7 22. Rd2 Rc5 23. Bf3 b6 24. a3 g5 25. Ne4 Rc8 26. Kh2 Nxe4 27.
Bxe4 h5 28. g3 h4 29. Bc2 Bd5 30. Bd1 Ke6 31. f3 f5 32. f4 gxf4 33. gxh4 Ke5
34. h5 Be4 35. h4 Rc7 36. Rd8 Rg7 37. Re8+ Kf6 38. Bb3 Rg2+ 39. Kh3 Rg3+ 40.
Kh2 Rxb3 41. h6 Kg6 42. Rh8 Rxb2+ 43. Kg1 Rg2+ 44. Kf1 Rh2 45. a4 Rxh4 46. Rd8
Rxh6 47. Rd6+ Kg5 48. Rd7 f3 49. Rxa7 Rh1+ 50. Kf2 Rh2+ 51. Kg3 f2 0-1

[Event "Ceske sachove vanoce 2004"]
[Site "Litomysl"]
[Date "2004.12.30"]
[Round "6.15"]
[White "Stehno, Pavel"]
[Black "Sochor, Stanislav"]
[Result "1-0"]
[WhiteElo "2326"]
[BlackElo "2133"]
[PlyCount "91"]
[EventDate "2004.12.26"]

1. e4 e6 2. d4 d5 3. e5 b6 4. c3 Qd7 5. h4 h5 6. Be2 g6 7. Bg5 Be7 8. Nh3 Ba6
9. Na3 Bxe2 10. Qxe2 Nh6 11. Nc2 c5 12. Rd1 c4 13. b3 b5 14. bxc4 bxc4 15. Ne3
Nc6 16. O-O Bxg5 17. Nxg5 Rb8 18. Rfe1 Ne7 19. g3 Nef5 20. Ng2 O-O 21. Nf4 Kg7
22. Rd2 Rb6 23. Kh2 Rfb8 24. f3 Rb1 25. Rxb1 Rxb1 26. g4 hxg4 27. fxg4 Rh1+ 28.
Kg2 Nxg4 29. Qxg4 Ne3+ 30. Kxh1 Nxg4 31. Rg2 Ne3 32. Rg1 Qe8 33. Rb1 Qh8 34.
Nfxe6+ fxe6 35. Rb7+ Kg8 36. Rb8+ Kg7 37. Nxe6+ Kh7 38. Rxh8+ Kxh8 39. Nf4 Kg7
40. Kh2 Kh6 41. Kg3 g5 42. hxg5+ Kxg5 43. Kf3 Nd1 44. Nxd5 Kg6 45. e6 Nb2 46.
Ke4 1-0

[Event "Ceske sachove vanoce 2004"]
[Site "Litomysl"]
[Date "2004.12.30"]
[Round "6.17"]
[White "Bauer, Peter"]
[Black "Groetz, Harald"]
[Result "0-1"]
[WhiteElo "2046"]
[BlackElo "2299"]
[PlyCount "94"]
[EventDate "2004.12.26"]

1. c4 e5 2. Nc3 Nc6 3. g3 g6 4. Bg2 Bg7 5. Rb1 a5 6. a3 f5 7. e4 Nf6 8. d3 O-O
9. exf5 gxf5 10. Bg5 Ne7 11. Nh3 d6 12. O-O c6 13. Qe2 Ng6 14. b4 axb4 15. axb4
Bd7 16. b5 Qc8 17. f4 h6 18. bxc6 bxc6 19. Bxf6 Bxf6 20. Qh5 Kg7 21. Rb3 Qc7
22. Rfb1 Rab8 23. Qd1 exf4 24. gxf4 Rxb3 25. Qxb3 Qa7+ 26. Kf1 Qe3 27. Ne2 Re8
28. Qd1 Bh4 29. Ra1 Re7 30. Rb1 Bc8 31. Ra1 Kh7 32. Rc1 Bb7 33. Rb1 Kg7 34. d4
d5 35. Rb3 Qe6 36. Rb6 dxc4 37. d5 Qe3 38. dxc6 Qxb6 39. cxb7 c3 40. Qc2 Qb5
41. Bc6 Qxc6 42. b8=Q Qf3+ 43. Kg1 Qe3+ 44. Kh1 Qf3+ 45. Kg1 Bf6 46. Qa2 Bd4+
47. Nxd4 Re1# 0-1

[Event "Ceske sachove vanoce 2004"]
[Site "Litomysl"]
[Date "2004.12.30"]
[Round "6.18"]
[White "Blazkova, Petra"]
[Black "Motyl, Tomasz"]
[Result "1-0"]
[WhiteElo "2214"]
[BlackElo "2049"]
[PlyCount "49"]
[EventDate "2004.12.26"]

1. e4 g6 2. d4 d6 3. Nc3 a6 4. f4 b5 5. d5 Bg7 6. Bd3 c6 7. Be3 Qa5 8. Nf3 b4
9. Ne2 cxd5 10. e5 dxe5 11. Nxe5 Nf6 12. Nd4 Nfd7 13. Nef3 O-O 14. O-O Nc5 15.
f5 e5 16. fxe6 Bxe6 17. Ng5 Qd8 18. Nf5 Bxf5 19. Bxc5 Bxd3 20. Qxd3 Qxg5 21.
Bxf8 Bxf8 22. Qf3 Ra7 23. Rae1 Re7 24. g3 Rxe1 25. Qxf7+ 1-0

[Event "Ceske sachove vanoce 2004"]
[Site "Litomysl"]
[Date "2004.12.30"]
[Round "6.26"]
[White "Walentukiewicz, Michal"]
[Black "Schirmbeck, Hannes"]
[Result "1/2-1/2"]
[WhiteElo "1994"]
[BlackElo "2139"]
[PlyCount "29"]
[EventDate "2004.12.26"]

1. e4 e5 2. Nf3 Nc6 3. d4 exd4 4. Bc4 Nf6 5. O-O Nxe4 6. Re1 d5 7. Bxd5 Qxd5 8.
Nc3 Qh5 9. Nxe4 Be7 10. Bg5 Bg4 11. Bxe7 Nxe7 12. Qxd4 Bxf3 13. gxf3 O-O 14.
Ng3 Nf5 15. Qe4 1/2-1/2

[Event "Ceske sachove vanoce 2004"]
[Site "Litomysl"]
[Date "2004.12.31"]
[Round "7.2"]
[White "Kovalev, Andrei"]
[Black "Velicka, Petr"]
[Result "1-0"]
[WhiteElo "2575"]
[BlackElo "2427"]
[PlyCount "73"]
[EventDate "2004.12.26"]

1. e4 c6 2. d4 d5 3. e5 Bf5 4. Be3 e6 5. Nd2 Nd7 6. Ngf3 Ne7 7. Be2 c5 8. dxc5
Nc6 9. Nb3 Bg4 10. Qd2 Bxf3 11. gxf3 Ncxe5 12. O-O-O Qc7 13. Qc3 Nc6 14. Rhg1
O-O-O 15. Bb5 Kb8 16. Bxc6 bxc6 17. Rg4 Ka8 18. Ra4 e5 19. Qa5 Rc8 20. f4 Qxa5
21. Rxa5 f6 22. fxe5 fxe5 23. f4 Be7 24. c4 exf4 25. Bxf4 Rhf8 26. Bg3 Bg5+ 27.
Kb1 Be3 28. cxd5 cxd5 29. Rxd5 Rf1+ 30. Kc2 Nb6 31. Rd3 Bg5 32. Kc3 Rf5 33. Kb4
Be7 34. Bd6 Bh4 35. cxb6 Be1+ 36. Nd2 Rxa5 37. Kxa5 1-0

[Event "Ceske sachove vanoce 2004"]
[Site "Litomysl"]
[Date "2004.12.31"]
[Round "7.3"]
[White "Plischki, Sebastian"]
[Black "Stocek, Jiri"]
[Result "1-0"]
[WhiteElo "2346"]
[BlackElo "2569"]
[PlyCount "81"]
[EventDate "2004.12.26"]

1. Nf3 d6 2. d4 Bg4 3. c4 Nd7 4. Nc3 e5 5. g3 Bxf3 6. exf3 exd4 7. Qxd4 Ngf6 8.
Bg2 Be7 9. O-O O-O 10. Be3 Re8 11. f4 c6 12. Bf3 a5 13. Kg2 Nc5 14. g4 Nfd7 15.
g5 Qb6 16. Rab1 Rad8 17. h4 f5 18. b3 Qc7 19. a3 Ne5 20. Be2 Bf8 21. b4 axb4
22. axb4 Ne6 23. Qd2 d5 24. fxe5 d4 25. f4 dxe3 26. Qxe3 Rd4 27. c5 Red8 28.
Rb2 Rxb4 29. Rxb4 Bxc5 30. Nb5 cxb5 31. Qb3 Bxb4 32. Qxe6+ Kh8 33. Rd1 Rf8 34.
Qb3 Bc5 35. Bxb5 Bb6 36. Qc4 Qb8 37. e6 Rc8 38. Qe2 Qxf4 39. e7 Re8 40. Bxe8
Bc7 41. Bc6 1-0

[Event "Ceske sachove vanoce 2004"]
[Site "Litomysl"]
[Date "2004.12.31"]
[Round "7.4"]
[White "Sabol, Marian"]
[Black "Votava, Jan"]
[Result "1/2-1/2"]
[WhiteElo "2358"]
[BlackElo "2505"]
[PlyCount "77"]
[EventDate "2004.12.26"]

1. e4 c5 2. c3 d5 3. exd5 Qxd5 4. d4 Nf6 5. Nf3 e6 6. Na3 Qd8 7. Nc4 Nc6 8.
Nce5 cxd4 9. Nxc6 bxc6 10. Nxd4 c5 11. Bb5+ Bd7 12. Bxd7+ Qxd7 13. Nf3 Qxd1+
14. Kxd1 Bd6 15. Ke2 Kd7 16. Nd2 Kc6 17. Nc4 Bc7 18. a4 Nd5 19. Bd2 Rab8 20.
Rab1 Rb3 21. Kd3 Nb4+ 22. Ke2 Nd5 23. Kd3 Rd8 24. Kc2 Rbb8 25. Rhe1 Re8 26.
Ne5+ Bxe5 27. Rxe5 f6 28. Re4 e5 29. b4 cxb4 30. cxb4 Kd6 31. Kb3 Rec8 32. f4
Re8 33. Rbe1 a6 34. Be3 Kd7 35. fxe5 Rxe5 36. Rxe5 fxe5 37. Bc5 Ke6 38. Kc4 Rc8
39. Re2 1/2-1/2

[Event "Ceske sachove vanoce 2004"]
[Site "Litomysl"]
[Date "2004.12.31"]
[Round "7.6"]
[White "Bernasek, Jan"]
[Black "Neuman, Petr"]
[Result "1-0"]
[WhiteElo "2384"]
[BlackElo "2433"]
[PlyCount "71"]
[EventDate "2004.12.26"]

1. d4 Nf6 2. c4 g6 3. Nf3 Bg7 4. g3 O-O 5. Bg2 c6 6. O-O d5 7. Qa4 dxc4 8. Qxc4
Be6 9. Qc2 Bf5 10. Qd1 Nbd7 11. Nc3 Ne4 12. Nh4 Nxc3 13. bxc3 Bg4 14. Nf3 Qa5
15. Bd2 Qa6 16. h3 Be6 17. Re1 Bc4 18. e4 e5 19. Be3 Bd3 20. Nd2 Rfe8 21. f4
exd4 22. cxd4 Rad8 23. e5 Nb6 24. Bf2 Bf8 25. Qb3 Qb5 26. Qxb5 Bxb5 27. Ne4 Nd5
28. Rab1 Kg7 29. Rb3 Be7 30. h4 Ba6 31. Reb1 f5 32. Nd2 Kf7 33. R1b2 Ke6 34.
Nb1 Rd7 35. Nc3 Rc8 36. Kh2 {53 moves} 1-0

[Event "Ceske sachove vanoce 2004"]
[Site "Litomysl"]
[Date "2004.12.31"]
[Round "7.7"]
[White "Laznicka, Viktor"]
[Black "Blazkova, Petra"]
[Result "1-0"]
[WhiteElo "2478"]
[BlackElo "2214"]
[PlyCount "63"]
[EventDate "2004.12.26"]

1. e4 e6 2. d4 d5 3. Nd2 Nf6 4. e5 Nfd7 5. Bd3 c5 6. c3 Nc6 7. Ne2 cxd4 8. cxd4
f6 9. exf6 Nxf6 10. Nf3 Bd6 11. O-O O-O 12. Bf4 Bxf4 13. Nxf4 Ng4 14. g3 g5 15.
Ng2 Qf6 16. Be2 Nh6 17. Qd2 Nf5 18. Rad1 h6 19. h4 gxh4 20. Ngxh4 Ncxd4 21.
Nxd4 Nxh4 22. gxh4 Kh8 23. Nf3 e5 24. Kh1 d4 25. Nh2 Bh3 26. Rg1 Qxh4 27. f3
Rad8 28. Rg6 Rf4 29. Qa5 Kh7 30. Rdg1 Rd7 31. Qxe5 Rff7 32. Bd3 1-0

[Event "Ceske sachove vanoce 2004"]
[Site "Litomysl"]
[Date "2004.12.31"]
[Round "7.10"]
[White "Holemar, David"]
[Black "Michenka, Josef"]
[Result "0-1"]
[WhiteElo "2326"]
[BlackElo "2350"]
[PlyCount "128"]
[EventDate "2004.12.26"]

1. d4 Nf6 2. c4 e6 3. Nc3 Bb4 4. Qc2 O-O 5. a3 Bxc3+ 6. Qxc3 b6 7. Bg5 Bb7 8.
e3 d6 9. Ne2 Nbd7 10. Qd3 Be4 11. Qd2 h6 12. Bh4 Bh7 13. Nc3 Qc8 14. Be2 Ne4
15. Nxe4 Bxe4 16. f3 Bh7 17. O-O a5 18. b4 Qb7 19. Qc3 axb4 20. axb4 Rxa1 21.
Rxa1 Ra8 22. Ra3 Bg6 23. Qa1 Rxa3 24. Qxa3 c5 25. Be7 Qc6 26. b5 Qc7 27. Qa8+
Nb8 28. Bh4 cxd4 29. exd4 Kh7 30. Bf2 f6 31. Be3 Bf5 32. h3 Bg6 33. Kf2 Bf5 34.
f4 Bc2 35. g4 f5 36. gxf5 exf5 37. Bf3 Bd3 38. Bd5 Qd8 39. Kg2 Qe8 40. Bf2 Qc8
41. Kh2 Qc7 42. Kg2 Qc8 43. Kg1 Qc7 44. Bh4 Qc8 45. Qa7 Be4 46. Bf6 Qf8 47. Be7
Qe8 48. Bxe4 fxe4 49. Kf2 Qh5 50. Qa3 d5 51. cxd5 Qxd5 52. Qd6 Qb3 53. Qa3 Qxb5
54. Ke3 Nc6 55. Bd6 Qf5 56. h4 Na5 57. Qb4 Qd5 58. Bf8 Nc4+ 59. Kf2 Qxd4+ 60.
Kg3 Qd3+ 61. Kh2 Qe2+ 62. Kh3 Qf3+ 63. Kh2 Qxf4+ 64. Kh3 Ne3 0-1

[Event "Ceske sachove vanoce 2004"]
[Site "Litomysl"]
[Date "2004.12.31"]
[Round "7.12"]
[White "Groetz, Harald"]
[Black "Kotan, Ladislav"]
[Result "1-0"]
[WhiteElo "2299"]
[BlackElo "2332"]
[PlyCount "135"]
[EventDate "2004.12.26"]

1. e4 e5 2. Nf3 Nc6 3. Bb5 Bc5 4. O-O Nd4 5. Nxd4 Bxd4 6. c3 Bb6 7. d4 c6 8.
Ba4 d6 9. h3 Ne7 10. dxe5 dxe5 11. Qh5 Ng6 12. Bb3 Qh4 13. Qxh4 Nxh4 14. Nd2 f6
15. Nc4 Bc5 16. Rd1 Ke7 17. Nxe5 Be6 18. Bxe6 Kxe6 19. Nc4 Rhd8 20. Be3 Bxe3
21. Nxe3 Ke5 22. Nc4+ Ke6 23. Na5 Rxd1+ 24. Rxd1 Rb8 25. f4 f5 26. e5 Ng6 27.
Rd6+ Ke7 28. g3 Ke8 29. Kf2 Nf8 30. b4 Nd7 31. g4 fxg4 32. hxg4 Ke7 33. Ke3 Nf6
34. Rxc6 Nxg4+ 35. Ke4 Kd7 36. e6+ Ke7 37. f5 Nf6+ 38. Ke5 Ne8 39. Ra6 Kd8 40.
Rxa7 Kc7 41. Nc4 Rd8 42. Ra5 Rd1 43. Rc5+ Kb8 44. Nb6 Re1+ 45. Kf4 Rf1+ 46. Ke3
Ka7 47. Nc8+ Kb8 48. Nb6 Ka7 49. Nc8+ Kb8 50. Ne7 Nd6 51. a4 h5 52. Ke2 Rf4 53.
Ng6 Re4+ 54. Kf3 Re1 55. Ne5 b6 56. Rd5 Rf1+ 57. Kg2 Rxf5 58. Rxd6 Rxe5 59.
Rxb6+ Kc7 60. a5 g5 61. c4 g4 62. Rb5 Re2+ 63. Kf1 Rxe6 64. Rxh5 Re4 65. Rc5+
Kd6 66. a6 Re7 67. Kg2 Ra7 68. Rg5 1-0

[Event "Ceske sachove vanoce 2004"]
[Site "Litomysl"]
[Date "2004.12.31"]
[Round "7.13"]
[White "Karlik, Vladimir"]
[Black "Krejci, Jakub"]
[Result "1/2-1/2"]
[WhiteElo "2332"]
[BlackElo "2257"]
[PlyCount "45"]
[EventDate "2004.12.26"]

1. d4 Nf6 2. Nf3 e6 3. Bg5 Be7 4. Nbd2 h6 5. Bh4 c5 6. e3 cxd4 7. exd4 b6 8.
Bd3 Bb7 9. O-O O-O 10. Re1 d6 11. Bxf6 Bxf6 12. c3 Nd7 13. a4 a6 14. Be4 Bxe4
15. Nxe4 d5 16. Nxf6+ Qxf6 17. Qd3 Rfc8 18. Nd2 Qf4 19. Nf1 Qd6 20. Ne3 Nf6 21.
Rec1 Qd7 22. b3 b5 23. f3 1/2-1/2

[Event "Ceske sachove vanoce 2004"]
[Site "Litomysl"]
[Date "2004.12.31"]
[Round "7.16"]
[White "Mejzlik, Ondrej"]
[Black "Vyskocil, Neklan"]
[Result "1/2-1/2"]
[WhiteElo "2054"]
[BlackElo "2300"]
[PlyCount "107"]
[EventDate "2004.12.26"]

1. c4 Nf6 2. Nc3 d5 3. cxd5 Nxd5 4. e4 Nb4 5. d4 Qxd4 6. Be3 Qxd1+ 7. Kxd1 c6
8. a3 N4a6 9. Kc2 e5 10. Nf3 f6 11. Rd1 Be6 12. Nd2 b5 13. b4 Nc7 14. Nb3 Bxb3+
15. Kxb3 Be7 16. g3 Kf7 17. f4 Rd8 18. Bh3 Ne6 19. fxe5 Rxd1 20. Rxd1 fxe5 21.
a4 a5 22. Rf1+ Bf6 23. axb5 axb4 24. Kxb4 cxb5 25. Nxb5 Na6+ 26. Kc3 Rc8+ 27.
Kd2 Rd8+ 28. Ke2 $11 Nac5 29. Bxe6+ Nxe6 30. Nc3 Kg6 31. Nd5 Ra8 32. Nxf6 gxf6
33. h4 h5 34. Rd1 Ra2+ 35. Rd2 Rxd2+ 36. Kxd2 f5 37. Kd3 Nf8 38. Ba7 Nd7 39.
Ke3 Kf6 40. Kf3 Ke6 41. Be3 Nf6 42. exf5+ Kxf5 43. Bc5 Nd5 44. Bd6 Nf6 45. Bb8
Ke6 46. Bc7 Kd5 47. Bb8 Kd4 48. Bc7 Ng4 49. Bb8 Nf6 50. Bc7 e4+ 51. Ke2 Nd5 52.
Bf4 e3 53. Bxe3+ Nxe3 54. Kf3 1/2-1/2

[Event "Ceske sachove vanoce 2004"]
[Site "Litomysl"]
[Date "2004.12.31"]
[Round "7.18"]
[White "Manik, Mikulas"]
[Black "Herbold, Manfred"]
[Result "1-0"]
[WhiteElo "2510"]
[BlackElo "2140"]
[PlyCount "35"]
[EventDate "2004.12.26"]

1. e4 c6 2. d4 Na6 3. Nc3 Nc7 4. Bd3 d5 5. Nf3 Bg4 6. h3 Bxf3 7. Qxf3 dxe4 8.
Nxe4 Nf6 9. Nxf6+ exf6 10. O-O Qxd4 11. Be3 Qa4 12. b3 Qa3 13. Rad1 Ne6 14. Bc4
Qe7 15. Rfe1 g6 16. Bc5 Qxc5 17. Qxf6 Rg8 18. Bxe6 1-0

[Event "Ceske sachove vanoce 2004"]
[Site "Litomysl"]
[Date "2004.12.31"]
[Round "7.20"]
[White "Valenta, Vit"]
[Black "Lips, Frantisek"]
[Result "1-0"]
[WhiteElo "2164"]
[BlackElo "2102"]
[PlyCount "69"]
[EventDate "2004.12.26"]

1. e4 e6 2. d4 d5 3. Nc3 Bb4 4. a3 Bxc3+ 5. bxc3 dxe4 6. Qg4 Qf6 7. Qxe4 Ne7 8.
Nf3 Qf5 9. Bd3 Qxe4+ 10. Bxe4 O-O 11. Bf4 c6 12. O-O Nd5 13. Bd2 Nd7 14. Ne5
Nxe5 15. dxe5 c5 16. f4 f5 17. Bf3 Rb8 18. c4 Ne7 19. Be3 b6 20. Rfd1 Kf7 21.
Rab1 Ba6 22. Rd7 Bxc4 23. Rxa7 Bd5 24. Bxd5 exd5 25. Ra6 d4 26. Bd2 Nd5 27.
Ra7+ Kg6 28. Rb3 Rg8 29. Rg3+ Kh6 30. Rg5 Ne3 31. Bxe3 dxe3 32. Rxf5 Rbd8 33.
g4 g5 34. h4 Rdf8 35. fxg5+ 1-0

[Event "Ceske sachove vanoce 2004"]
[Site "Litomysl"]
[Date "2004.12.31"]
[Round "7.21"]
[White "Schirmbeck, Hannes"]
[Black "Bauer, Peter"]
[Result "1-0"]
[WhiteElo "2139"]
[BlackElo "2046"]
[PlyCount "65"]
[EventDate "2004.12.26"]

1. e4 e5 2. Nf3 Nc6 3. Bc4 Bc5 4. O-O d6 5. c3 Nf6 6. d4 exd4 7. cxd4 Bb6 8. h3
O-O 9. Nc3 h6 10. Bb3 Re8 11. Re1 Ba5 12. Bc2 Nb4 13. Bb1 c5 14. d5 Bd7 15. Bf4
Qe7 16. a3 Na6 17. e5 Bxc3 18. bxc3 dxe5 19. Bxe5 g6 20. Ba2 Nh7 21. Qd2 g5 22.
c4 f6 23. Bb2 Qf7 24. Bb3 Kg7 25. Bc2 Nf8 26. Qc3 Rxe1+ 27. Rxe1 Re8 28. Rxe8
Bxe8 29. Nd2 Nb8 30. Ne4 Nbd7 31. Nd6 Qh5 32. g4 Qh4 33. Nf5+ 1-0

[Event "Ceske sachove vanoce 2004"]
[Site "Litomysl"]
[Date "2004.12.31"]
[Round "7.31"]
[White "Amberger, Dieter"]
[Black "Pekar, Vaclav"]
[Result "1-0"]
[WhiteElo "2100"]
[BlackElo "1903"]
[PlyCount "89"]
[EventDate "2004.12.26"]

1. e4 e5 2. Nf3 Nc6 3. Bc4 Bc5 4. c3 Nf6 5. d3 d6 6. O-O Bg4 7. h3 Bh5 8. b4
Bb6 9. Nbd2 O-O 10. Re1 Kh8 11. Nf1 d5 12. exd5 Nxd5 13. g4 Bg6 14. Qb3 Nf4 15.
Bxf4 exf4 16. d4 f6 17. Bd5 Qd7 18. Qc4 Rae8 19. Bxc6 bxc6 20. N1h2 Qd5 21. Qf1
Rxe1 22. Qxe1 Re8 23. Qf1 Qb5 24. Re1 Rxe1 25. Nxe1 a5 26. a3 Qa4 27. Qa6 h6
28. bxa5 Qxa5 29. Qc4 Qxa3 30. Qxc6 Qc1 31. Nhf3 Qb1 32. Kh2 Be4 33. Qe8+ Kh7
34. Nd2 Qxe1 35. Qxe4+ Qxe4 36. Nxe4 Kg8 37. Kg2 Kf7 38. Kf3 g5 39. Nd2 Ba5 40.
Nb1 Ke6 41. Ke4 Bb6 42. c4 Ba5 43. Na3 Bb4 44. d5+ Kd7 45. Nc2 1-0

[Event "Ceske sachove vanoce 2004"]
[Site "Litomysl"]
[Date "2005.01.01"]
[Round "8.3"]
[White "Votava, Jan"]
[Black "Luch, Michal"]
[Result "1/2-1/2"]
[WhiteElo "2505"]
[BlackElo "2364"]
[PlyCount "50"]
[EventDate "2004.12.26"]

1. c4 g6 2. d4 Bg7 3. Nc3 Nf6 4. g3 O-O 5. Bg2 d6 6. Nf3 Nbd7 7. O-O e5 8. e4
Re8 9. d5 Nc5 10. Ne1 a5 11. Nd3 Nfd7 12. Be3 b6 13. Nxc5 Nxc5 14. a3 f5 15. b4
f4 16. bxc5 fxe3 17. c6 exf2+ 18. Rxf2 Bh6 19. Qd3 Qg5 20. Re1 Ba6 21. h4 Qe7
22. Bh3 Rf8 23. Nd1 Rxf2 24. Nxf2 Rf8 25. a4 Bg7 1/2-1/2

[Event "Ceske sachove vanoce 2004"]
[Site "Litomysl"]
[Date "2005.01.01"]
[Round "8.4"]
[White "Michenka, Josef"]
[Black "Laznicka, Viktor"]
[Result "0-1"]
[WhiteElo "2350"]
[BlackElo "2478"]
[PlyCount "77"]
[EventDate "2004.12.26"]

1. d4 g6 2. e4 d6 3. c4 Bg7 4. Nc3 Na6 5. Be3 c5 6. d5 Nf6 7. h3 O-O 8. Qd2 e6
9. Bd3 Nc7 10. a4 Re8 11. Nf3 Qe7 12. O-O e5 13. Bg5 Qf8 14. Be2 h6 15. Be3 Kh7
16. Ne1 Qe7 17. Nd3 Na6 18. Rae1 Nb4 19. Bd1 Rf8 20. Kh2 b6 21. Rg1 a6 22. g4
Nxd3 23. Qxd3 Ng8 24. Rg3 Bf6 25. Reg1 Bh4 26. R3g2 Bg5 27. Qd2 Bd7 28. Be2 Kg7
29. Bd3 Rab8 30. Rf1 Qf6 31. f4 exf4 32. Bxf4 Bxf4+ 33. Qxf4 Qxf4+ 34. Rxf4 Ne7
35. Rgf2 f6 36. Rf1 g5 37. R4f2 Ng6 38. Re1 Rh8 39. Rg1 {time} 0-1

[Event "Ceske sachove vanoce 2004"]
[Site "Litomysl"]
[Date "2005.01.01"]
[Round "8.6"]
[White "Zawadzki, Stanislaw"]
[Black "Sabol, Marian"]
[Result "1-0"]
[WhiteElo "2398"]
[BlackElo "2358"]
[PlyCount "103"]
[EventDate "2004.12.26"]

1. d4 Nf6 2. c4 c6 3. Nf3 d5 4. e3 a6 5. Nc3 b5 6. cxd5 cxd5 7. Be2 g6 8. O-O
Bg7 9. Qb3 Qd6 10. Bd2 O-O 11. Rfc1 Nc6 12. Be1 Bd7 13. a4 b4 14. Nb1 Na5 15.
Qd1 Ne4 16. Nbd2 f5 17. Nb3 Nxb3 18. Qxb3 a5 19. Nd2 Nxd2 20. Bxd2 e5 21. dxe5
Qxe5 22. Rc2 Be6 23. Rac1 f4 24. Rc6 Bf7 25. R1c2 Rae8 26. Qd3 fxe3 27. fxe3
Bh6 28. Bf3 Rd8 29. R6c5 Be6 30. Qd4 Qxd4 31. exd4 b3 32. Bxh6 bxc2 33. Bxf8
Kxf8 34. Rxc2 Rb8 35. Rc5 Rxb2 36. Bxd5 Bxd5 37. Rxd5 Rb4 38. Rxa5 Rxd4 39. Ra7
Kg8 40. Kf2 Rd2+ 41. Kf3 Rd3+ 42. Ke2 Ra3 43. a5 Ra2+ 44. Kf3 Ra3+ 45. Kf2 Ra2+
46. Kg3 Ra3+ 47. Kg4 Ra2 48. Kh3 Ra3+ 49. g3 Ra2 50. a6 Kh8 51. Kg4 Rxh2 52.
Rb7 1-0

[Event "Ceske sachove vanoce 2004"]
[Site "Litomysl"]
[Date "2005.01.01"]
[Round "8.8"]
[White "Stocek, Jiri"]
[Black "Groetz, Harald"]
[Result "1-0"]
[WhiteElo "2569"]
[BlackElo "2299"]
[PlyCount "97"]
[EventDate "2004.12.26"]

1. c4 e5 2. Nc3 Nc6 3. Nf3 Nf6 4. d4 exd4 5. Nxd4 Bc5 6. Nxc6 bxc6 7. g3 Ng4 8.
Ne4 Bb4+ 9. Bd2 Qe7 10. Bg2 f5 11. Nc3 Ne5 12. O-O Nxc4 13. Bf4 Bd6 14. Qd3
Bxf4 15. Qxc4 Be5 16. Bxc6 Rb8 17. Bf3 Rxb2 $11 18. Nd5 Qd6 19. Rac1 O-O 20.
Nxc7+ Kh8 21. Rfd1 Qb4 22. Qd5 Qe7 23. Qa5 a6 24. Nxa6 f4 25. Qc5 Qxc5 26. Nxc5
d6 27. Nd3 Rxa2 28. Nxf4 g5 29. Nd3 g4 30. Bd5 Ra5 31. Nxe5 dxe5 32. Be4 Ra4
33. f3 gxf3 34. exf3 Ra7 35. Rc5 Re8 36. Rdc1 Bh3 37. Rc7 Re7 38. Rxe7 Rxe7 39.
g4 h5 40. Kf2 h4 41. Rc6 Kg7 42. Rg6+ Kf7 43. Rh6 Rd7 44. Rh8 Ke7 45. Rh7+ Kd8
46. Rxd7+ Kxd7 47. Bd3 Ke6 48. Bf1 Bxg4 49. fxg4 1-0

[Event "Ceske sachove vanoce 2004"]
[Site "Litomysl"]
[Date "2005.01.01"]
[Round "8.12"]
[White "Novotny, Michal"]
[Black "Kanovsky, David"]
[Result "1/2-1/2"]
[WhiteElo "2210"]
[BlackElo "2392"]
[PlyCount "118"]
[EventDate "2004.12.26"]

1. e4 e6 2. d4 d5 3. exd5 exd5 4. c4 Nf6 5. Nc3 dxc4 6. Bxc4 Be7 7. Nf3 O-O 8.
Be3 Nbd7 9. Bb3 Nb6 10. Ne5 Nbd5 11. Qf3 Be6 12. O-O c6 13. Bg5 Nc7 14. Bc2
Qxd4 15. Rfe1 Qb4 16. Rab1 Ncd5 17. a3 Qb6 18. Qg3 Rfe8 19. Nxd5 Nxd5 20. Qh4
h6 21. Bxe7 Rxe7 22. Rbd1 Rae8 23. b4 Nc3 24. Rd3 Bf5 25. Rxc3 Rxe5 26. Rf1
Bxc2 27. Rxc2 Qa6 28. Qc4 Qxc4 29. Rxc4 Re2 30. g3 Rd8 31. Rc3 Rdd2 32. Rf3 Kf8
33. Rc1 Ke7 34. Rc5 f6 35. h4 Kd6 36. Ra5 a6 37. Raf5 b6 38. Kg2 Rd5 39. R5f4
a5 40. Rg4 Re7 41. bxa5 Rxa5 42. Rd3+ Rd5 43. Rb3 b5 44. a4 bxa4 45. Rxa4 Rd2
46. Ra8 Ree2 47. Rf3 c5 48. Ra6+ Ke5 49. h5 Rd7 50. Rc6 Kd5 51. Rc8 Kc4 52.
Rf4+ Kd5 53. Kf3 Rc2 54. Kg4 c4 55. Kf5 c3 56. Kg6 Rb7 57. Rfc4 Rxf2 58. Rxc3
Ra2 59. Rd8+ Ke4 1/2-1/2

[Event "Ceske sachove vanoce 2004"]
[Site "Litomysl"]
[Date "2005.01.01"]
[Round "8.13"]
[White "Novak, Pavel"]
[Black "Valenta, Vit"]
[Result "1/2-1/2"]
[WhiteElo "2338"]
[BlackElo "2164"]
[PlyCount "125"]
[EventDate "2004.12.26"]

1. e4 e5 2. Nf3 Nc6 3. Bb5 a6 4. Ba4 Nf6 5. d4 exd4 6. O-O Be7 7. Re1 b5 8. Bb3
d6 9. Bd5 Nxd5 10. exd5 Ne5 11. Nxd4 O-O 12. a4 Bd7 13. Nc3 b4 14. Ne4 f5 15.
Nd2 Bf6 16. Nf1 Re8 17. b3 Nf3+ 18. Nxf3 Bxa1 19. Bd2 Rxe1 20. Qxe1 Bf6 21.
Bxb4 Qe8 22. Qd2 Qe7 23. Bc3 Re8 24. Bxf6 Qxf6 25. Qa5 f4 26. h3 Qg6 27. Qxa6
Bxh3 28. Nh4 Qg4 29. Qd3 Qxh4 30. gxh3 Re5 31. Nd2 Re1+ 32. Kg2 Qg5+ 33. Kf3
Rd1 34. a5 Qh5+ 35. Ke4 Qe5+ 36. Kf3 Qe1 37. Qe4 Qh1+ 38. Kxf4 Qxe4+ 39. Nxe4
Rxd5 40. b4 Rb5 41. c3 Kf7 42. Ke3 Ke6 43. Kd4 Kd7 44. f4 Kc6 45. Ng5 Rd5+ 46.
Ke4 h6 47. Ne6 Rh5 48. Nxg7 Rxh3 49. c4 Kd7 50. Nf5 h5 51. a6 Ra3 52. b5 c6 53.
Kd4 Kc7 54. Nh4 Kb6 55. f5 Ra1 56. Ke4 Rh1 57. Nf3 Rd1 58. f6 d5+ 59. cxd5
cxd5+ 60. Kf4 Rc1 61. Nd4 Rf1+ 62. Nf3 Rc1 63. Nd4 1/2-1/2

[Event "Ceske sachove vanoce 2004"]
[Site "Litomysl"]
[Date "2005.01.01"]
[Round "8.14"]
[White "Kotan, Ladislav"]
[Black "Srba, Milan"]
[Result "1-0"]
[WhiteElo "2332"]
[BlackElo "2144"]
[PlyCount "65"]
[EventDate "2004.12.26"]

1. e4 e6 2. d4 d5 3. Nd2 Nf6 4. e5 Nfd7 5. Bd3 c5 6. c3 Nc6 7. Ne2 cxd4 8. cxd4
f6 9. exf6 Nxf6 10. Nf3 Qc7 11. O-O Bd6 12. Nc3 a6 13. Be3 O-O 14. Rc1 Bd7 15.
Re1 Rae8 16. Ne5 Bxe5 17. dxe5 Qxe5 18. Bc5 Qf4 19. g3 Qh6 20. Bxf8 Rxf8 21. f4
e5 22. Nxd5 Ng4 23. Qd2 Kh8 24. Rf1 Nd4 25. Be4 Bb5 26. Rfe1 exf4 27. Nxf4 Rd8
28. Qg2 g5 29. Nd5 Qf8 30. Qd2 Qg7 31. Rc7 Qe5 32. Rxh7+ Kg8 33. Ne7+ 1-0

[Event "Ceske sachove vanoce 2004"]
[Site "Litomysl"]
[Date "2005.01.01"]
[Round "8.18"]
[White "Vyskocil, Neklan"]
[Black "Vanek, Tomas"]
[Result "1-0"]
[WhiteElo "2300"]
[BlackElo "2060"]
[PlyCount "99"]
[EventDate "2004.12.26"]

1. e4 e5 2. Nf3 Nc6 3. d4 exd4 4. Nxd4 Bc5 5. Nxc6 bxc6 6. Bc4 Qh4 7. Qe2 Nf6
8. Nc3 Ng4 9. Nd1 O-O 10. Bf4 d5 11. Bg3 Qg5 12. Bd3 dxe4 13. Qxe4 Nf6 14. Qf4
Re8+ 15. Kd2 Qxf4+ 16. Bxf4 Nd5 17. Bg3 Nb4 18. Bxc7 Nxd3 19. cxd3 Bb4+ 20. Nc3
Re7 21. Bf4 Bf5 22. Rad1 Rd8 23. Kc2 Bxc3 24. Kxc3 Re2 25. Be3 a5 26. Bb6 Rb8
27. Rhe1 Rxe1 28. Rxe1 Be6 29. Bc7 Rb5 30. b3 Rc5+ 31. Kd2 h6 32. Re5 Bd5 33.
f3 Kh7 34. Re7 a4 35. bxa4 Bxa2 36. Re5 Rxe5 37. Bxe5 Bd5 38. Kc3 c5 39. Bd6 g5
40. Bxc5 g4 41. fxg4 Bxg2 42. Kd4 Kg6 43. Ke5 Kg5 44. Be3+ Kxg4 45. Bxh6 Kf3
46. a5 Ke2 47. d4 Kd3 48. d5 f6+ 49. Ke6 Ke4 50. d6 1-0